| 000 | 00684nam a22002057a 4500 | ||
|---|---|---|---|
| 003 | OSt | ||
| 005 | 20251117104853.0 | ||
| 008 | 251117b |||||||| |||| 00| 0 eng d | ||
| 020 | _a978-1-4051-5879-4. | ||
| 040 |
_aDWCL-Main lib _cOC |
||
| 082 | _aCirc. 808.06615 B422e 2008 | ||
| 100 | _aBeins, Bernard C. | ||
| 245 |
_aEffective writing in psychology : _bpapers, posters, and presentations/ _cBernard C. Beins |
||
| 260 |
_aUSA : _bBlackwell Pub., _cc2008. |
||
| 300 |
_aix, 269 pages : _billustration ; _c23 cm. |
||
| 504 | _aIncludes bibliographical references & index. | ||
| 650 | _a1. Psychology-Authorship. | ||
| 700 | _aBeins, Agatha M. | ||
| 942 |
_2ddc _cBK-CIRC _kCirc. _n0 |
||
| 999 |
_c5711 _d5711 |
||